000 00725cam a22002293a 4500
001 10352
003 PGUSA
005 20140828083223.0
008 031201s2003||||xxu|||||s|||||000 | eng d
040 _aPGUSA
_beng
042 _adc
050 4 _aDA
100 1 _aJohnson, Samuel,
_d1709-1784
245 1 4 _aThe Works of Samuel Johnson, Volume 11. :
_bParlimentary Debates II.
_h[electronic resource] /
_cSamuel Johnson
260 _bProject Gutenberg,
_c2003
506 _aPublic domain in the USA.
516 _aElectronic text
653 _aGreat Britain. Parliament. House of Commons -- History -- 18th century
830 0 _aProject Gutenberg
_v10352
856 4 0 _uhttp://www.gutenberg.org/ebooks/10352
942 _cEB
999 _c239607
_d239607